Sistemas neumáticos : principios y mantenimiento /
Contenido: Sistema neumático y unidades físicas; Necesidades básicas para el sistema neumático y disposición de la tubería; Compresor de aire; Acondicionamiento del aire comprimido; Cilindros y motores neumáticos; Válvulas Circuitos neumáticos básicos; Hidroneumática; Fluídica y lógica fluídica; Aut...
Kaydedildi:
| Yazar: | |
|---|---|
| Materyal Türü: | Kitap |
| Dil: | İspanyolca |
| Baskı/Yayın Bilgisi: |
México :
McGraw-Hill,
1998, c1998
|
| Konular: | |
| Etiketler: |
Etiket eklenmemiş, İlk siz ekleyin!
|
MARC
| LEADER | 00000nam^a2200000^a^4500 | ||
|---|---|---|---|
| 001 | 000094687 | ||
| 005 | 20250521000000.0 | ||
| 009 | 20260310092844.785 | ||
| 020 | |a 970-10-1824-9 | ||
| 037 | |a Acervo ITESO - Biblioteca | ||
| 041 | |a ESP | ||
| 082 | |a 621. 53 |b MAJ | ||
| 100 | |a Majumdar, S.R. |e (autor) | ||
| 245 | 1 | 0 | |a Sistemas neumáticos : |b principios y mantenimiento / |c S.R. Majumdar ; tr. por José Hernán Pérez Castellanos. |
| 264 | 4 | |a México : |b McGraw-Hill, |c 1998, c1998 | |
| 300 | |a 299 p. | ||
| 336 | |a texto |b txt |2 rdacontenido | ||
| 337 | |a sin mediación |b n |2 rdamedio | ||
| 338 | |a volumen |b nc |2 rdasoporte | ||
| 500 | |a Traducción de: Pneumatic systems. Principles and maintenance | ||
| 520 | |a Contenido: Sistema neumático y unidades físicas; Necesidades básicas para el sistema neumático y disposición de la tubería; Compresor de aire; Acondicionamiento del aire comprimido; Cilindros y motores neumáticos; Válvulas Circuitos neumáticos básicos; Hidroneumática; Fluídica y lógica fluídica; Automatización y principio de diseño del circuito neumático; Controles eléctricos en los circuitos neumáticos; Mantenimiento del sistema neumático y detección de fallas en el mismo. | ||
| 649 | |a XX | ||
| 650 | |a Aire Comprimido | ||
| 650 | |a Transporte Neumático | ||
| 650 | |a Maquinaria Neumática | ||
| 650 | |a Ingeniería Mecánica | ||
| 910 | |a Fondo General | ||
| 920 | |a Impresos - Libros | ||
| 930 | |a Colección General | ||
| 905 | |a 101 | ||
| 901 | |a 0500028791 |b IT1 |c ACC |u 20250521 | ||
| 902 | |a https://opac.biblio.iteso.mx/vufind/Record/000094687 | ||